| 000 | 00533nam a2200169Ia 4500 | ||
|---|---|---|---|
| 008 | 140609s9999 xx 000 0 und d | ||
| 020 | _a9780071601375 | ||
| 050 |
_aHV 2474 _b.M85 2010 |
||
| 100 | _aMulrooney, Kristin. | ||
| 245 |
_aAmerican sign language demystified : _ba self-teaching guide / _cKristin Mulrooney |
||
| 260 |
_aNew York : _bMcGraw-Hill, _cc2010. |
||
| 300 |
_a296 p. : _bill. ; _c24 cm. _e+ 1 CD-ROM (4 3/4 in). |
||
| 500 | _aIncludes appendix and index. | ||
| 521 | _aGE | ||
| 942 |
_kFOR _cBK |
||
| 999 |
_c118044 _d118044 |
||